Ibn al-balad : a concept of Egyptian identity

Αποθηκεύτηκε σε:
Λεπτομέρειες βιβλιογραφικής εγγραφής
Κύριος συγγραφέας: Messiri, Sawsan
Μορφή: Βιβλίο
Γλώσσα:English
Δημοσίευση: Leiden : Brill, 1978
Σειρά:Social, economic, and political studies of the Middle East ; ; 24
Θέματα:
Ετικέτες: Προσθήκη ετικέτας
Δεν υπάρχουν, Καταχωρήστε ετικέτα πρώτοι!

MARC

LEADER 00000cam a2200000 i 4500
001 1/83309
008 960529s1978 eng d
020 |a 90-04-05664-5 
035 |l 10005737 
040 |a GR-MY-UA  |b gre  |e aacr 
041 0 |a eng 
082 0 |a 301.296216 
100 1 |a Messiri, Sawsan. 
245 1 0 |a Ibn al-balad :  |b a concept of Egyptian identity /  |c Sawsan El-Messiri 
260 |a Leiden :   |b Brill,   |c 1978 
300 |a 116 p.;  |c 25 cm 
490 1 |a Social, economic, and political studies of the Middle East = Etudes sociales, economiques et politiques du Moyen Orient  |v ; 24 
504 |a Bibliography: p. [111]-113. Includes index 
651 0 |a Cairo (Egypt)  |x Social life and customs. 
830 0 |a Social, economic, and political studies of the Middle East ;  |v ; 24 
852 |a INST  |b LESVOS  |e 19960529  |h 301.296216 MES  |p 005100010085  |q 005100010085  |t BK  |y 0 
909 |a Λ  |b 008069